Digital computer fundamentals / (Record no. 164)
[ view plain ]
| 000 -LEADER | |
|---|---|
| fixed length control field | 00581cam a2200229ua 4500 |
| 020 ## - INTERNATIONAL STANDARD BOOK NUMBER | |
| ISBN | 0-07-099018-3 |
| 041 ## - LANGUAGE CODE | |
| Language code of text/sound track or separate title | eng |
| 082 ## - DEWEY DECIMAL CLASSIFICATION NUMBER | |
| Classification number | 005.125 01 |
| Item number | BAR/DI |
| 100 ## - MAIN ENTRY--AUTHOR NAME | |
| Personal name | Bartee, Thomas C. |
| 245 ## - TITLE STATEMENT | |
| Title | Digital computer fundamentals / |
| 250 ## - EDITION STATEMENT | |
| Edition statement | 5 / |
| 260 ## - PUBLICATION, DISTRIBUTION, ETC. (IMPRINT) | |
| Place of publication | New York : |
| Name of publisher | Mc Graw Hill Book Company , |
| Year of publication | 1995. |
| 300 ## - PHYSICAL DESCRIPTION | |
| Number of Pages | 637 ; . |
| 500 ## - GENERAL NOTE | |
| General note | 19190 Scheme |
| 650 ## - SUBJECT ADDED ENTRY--TOPICAL TERM | |
| Topical Term | Computers |
| 650 ## - SUBJECT ADDED ENTRY--TOPICAL TERM | |
| Topical Term | Computers |
| 942 ## - ADDED ENTRY ELEMENTS (KOHA) | |
| Koha item type | Books |
| Withdrawn status | Lost status | Damaged status | Home library | Current library | Date acquired | Full call number | Accession Number | Koha item type |
|---|---|---|---|---|---|---|---|---|
| KAUAET | 07/04/2012 | 005.125 01 | 19190 | Books | ||||
| KAUAET | KAUAET | 07/04/2012 | 005.125 01 | 14703 | Books |
